| 000 | | | 04261nac2a22002893x 450 |
| 001 | | | abed52a9-2329-4b6d-9373-5a7da42050c0 |
| 005 | | | 20211210115433.0 |
| 100 | ## | $a | 20211120l1910 k y0rusy50 ca |
| 101 | 0# | $a | rus |
| 102 | ## | $a | RU |
| 105 | ## | $a | y z ||||| |
| 122 | 0# | $a | d19101217 |
| 200 | 1# | $a | Челноков М. В. О необходимости переговорить о морских делах |
| | $j | 17 декабря 1910 |
| 215 | ## | $a | 2 листа |
| 251 | ## | $c | Дело |
| 300 | ## | $a | Заголовок дела на папке: Письмо Челнокова М. В. - Звегинцеву Ал. Ив. (О необходимости переговорить о морских делах) |
| 300 | ## | $a | Листы: I - обложка с загол. шифром; II - заверитель с отметками о пров.; III - карточка в выдачи |
| 300 | ## | $a | Рукописный текст |
| 330 | ## | $a | Входит в раздел описи: 1. Письма к А. И. Звегинцову. 2/ Письма по служебной деятельности А. И. Звегинцова |
| 461 | #0 | $1 | 001fc48e33c-c630-4015-85dd-2f2aab656f45 |
| | $1 | 2001 |
| | $a | Звегинцев Александр Иванович, помещик Воронежской губернии, депутат III Государственной думы, член партии "Союз 17 октября" |
| | $1 | 251 |
| | $c | Фонд |
| | $1 | 852 |
| | $j | 932 |
| 462 | #0 | $1 | 001ddcf82e7-7bd9-4c5e-b7f1-85df8b3febb3 |
| | $1 | 2001 |
| | $a | Дела постоянного хранения. 1899-1913 гг. |
| | $v | Д. 381 |
| | $1 | 251 |
| | $c | Опись |
| | $1 | 852 |
| | $j | 1 |
| 517 | 1# | $a | Письмо Челнокова М. В. - Звегинцеву Ал. Ив. (О необходимости переговорить о морских делах) |
| 600 | #1 | $a | Звегинцев |
| | $b | А. И. |
| | $g | Александр Иванович |
| 600 | #1 | $a | Челноков |
| | $b | М. В. |
| 801 | #0 | $a | RU |
| | $b | GA_RF |
| 801 | #1 | $a | RU |
| | $b | ГлавНИВЦ |
| | $c | 20211120 |
| | $2 | rusmarc |
| 801 | #2 | $a | RU |
| | $b | ПБ им. Б.Н. Ельцина |
| | $c | 20211210 |
| | $g | RCR |
| | $2 | rusmarc |
| 852 | ## | $a | ГА РФ |
| | $j | 381 |
| 937 | ## | $d | 171409404 |
| | $h | ГАРФ |
| 035 | ## | $a | RuPRLIB51062624 |
| 856 | ## | $u | http://readingroom.main.prlib.ru/item.aspx?id_node=n171409404&mode=full |